Podnikanie v kultúrnych a kreatívnych odvetviach bakalárska práca

Saved in:
Bibliographic Details
Main Author: Balco, Ivan
Corporate Author: Obchodná fakulta EU. Katedra služieb a cestovného ruchu - zrušené
Other Authors: Naďová Krošláková, Monika, 1975-
Format: Book
Language:Slovak
Published: Bratislava 2021
Tags: Add Tag
No Tags, Be the first to tag this record!

MARC

LEADER 00000nbm a2200000 4500
001 0275949
005 20220203115831.8
041 0 |a slo 
044 |a SK 
245 1 0 |a Podnikanie v kultúrnych a kreatívnych odvetviach  |b bakalárska práca  |c Ivan Balco ; školiteľ: Monika Naďová Krošláková 
264 1 |a Bratislava  |c 2021 
300 |a 50 s. 
100 1 |a Balco, Ivan 
700 1 |a Naďová Krošláková, Monika, 1975- 
710 2 |a Obchodná fakulta EU. Katedra služieb a cestovného ruchu - zrušené